000 00401nam a22001577a 4500
003 macl
005 20170614125828.0
008 170614b xxu||||| |||| 00| 0 eng d
040 _cmacl
082 _a050/INF
100 _aInfa Punlications
_967475
245 _aPress and advertisers Year Book
260 _aNew dehli
_bInfa Publications
_c1967
650 _aSerial pubi.
_967476
942 _2ddc
_cBK
999 _c56539
_d56539